Christianity and monasticism in the Fayoum oasis : (Record no. 4051)
[ view plain ]
| 000 -LEADER | |
|---|---|
| fixed length control field | 01336nac a22002651u 4500 |
| 020 ## - INTERNATIONAL STANDARD BOOK NUMBER | |
| International Standard Book Number | 9774248929 |
| 082 ## - DEWEY DECIMAL CLASSIFICATION NUMBER | |
| Classification number | 281.709622 |
| Item number | G117 |
| 090 ## - LOCALLY ASSIGNED LC-TYPE CALL NUMBER (OCLC); LOCAL CALL NUMBER (OCLC) | |
| -- | 4051 |
| -- | 4051 |
| 100 ## - MAIN ENTRY--PERSONAL NAME | |
| Personal name | 20080729 |
| 245 ## - TITLE STATEMENT | |
| Title | Christianity and monasticism in the Fayoum oasis : |
| Remainder of title | essays from the 2004 international symposium of the Saint Mark Foundation and the Saint Shenouda the Archimandrite Coptic Society inhonor of Martin Krause / |
| Statement of responsibility, etc | edited by Gawdat Gabra. |
| 260 ## - PUBLICATION, DISTRIBUTION, ETC. (IMPRINT) | |
| Place of publication, distribution, etc | Cairo : |
| Name of publisher, distributor, etc | American University in Cairo Press, 2005. |
| Date of publication, distribution, etc | 2005 |
| 300 ## - PHYSICAL DESCRIPTION | |
| Extent | xxxiv, 322 p. : |
| Other physical details | ill. ; |
| Dimensions | 24 cm. |
| 504 ## - BIBLIOGRAPHY, ETC. NOTE | |
| Bibliography, etc | Includes bibliography of Martin Krause compiled by Lucia Langener (p. [xix]-xxxiv). |
| 504 ## - BIBLIOGRAPHY, ETC. NOTE | |
| Bibliography, etc | Includes bibliographical references. |
| 610 ## - SUBJECT ADDED ENTRY--CORPORATE NAME | |
| Corporate name or jurisdiction name as entry element | Coptic Church |
| General subdivision | History |
| Geographic subdivision | Egypt |
| 650 ## - SUBJECT ADDED ENTRY--TOPICAL TERM | |
| Topical term or geographic name as entry element | Christianity. |
| Form subdivision | Congresses |
| General subdivision | History |
| Geographic subdivision | Egypt - Fayyum |
| 650 ## - SUBJECT ADDED ENTRY--TOPICAL TERM | |
| Topical term or geographic name as entry element | Monasticism and religious orders, Copticx History |
| Form subdivision | Congresses |
| Geographic subdivision | Egypt Fayyum |
| 651 ## - SUBJECT ADDED ENTRY--GEOGRAPHIC NAME | |
| Geographic name | Fayyum (Egypt) |
| General subdivision | Church history . |
| 700 ## - ADDED ENTRY--PERSONAL NAME | |
| Personal name | Krause, Martin, |
| Dates associated with a name | 1930- |
| 700 ## - ADDED ENTRY--PERSONAL NAME | |
| Personal name | Gabra, Gawdat |
| 710 ## - ADDED ENTRY--CORPORATE NAME | |
| Corporate name or jurisdiction name as entry element | Saint Mark Foundation. |
| 710 ## - ADDED ENTRY--CORPORATE NAME | |
| Corporate name or jurisdiction name as entry element | Saint Shenouda the Archimandrite Coptic Society. |
| 942 ## - ADDED ENTRY ELEMENTS (KOHA) | |
| Item type | Book - Borrowing |
| Call number prefix | 281.709622 G117 |
| Withdrawn status | Item status | Damaged status | Not for loan | Home library | Current library | Shelving location | Date acquired | Source of acquisition | Total Checkouts | Full call number | Barcode | Date last seen | Koha item type |
|---|---|---|---|---|---|---|---|---|---|---|---|---|---|
| Central Library | Central Library | Lower Floor | 07/08/2016 | Purchase | 281.709622 CHR | 000000030 | 15/07/2025 | Book - Borrowing |